<The> Role of the United States and Japan in foreign direct investment and the transfer of technology

Gespeichert in:
Bibliographische Detailangaben
1. Verfasser: Hamada, Koichi
Format: Buch
Sprache:Englisch
Veröffentlicht: New Haven Yale University Press 1998
Schriftenreihe:Center Paper No. 538
Schlagworte:
Tags: Tag hinzufügen
Keine Tags, Fügen Sie das erste Tag hinzu!

MARC

LEADER 00000nam a2200000 4500
001 c109887
005 20221221083533.3
041 0 |a eng 
044 |a US 
245 1 0 |a <The> Role of the United States and Japan in foreign direct investment and the transfer of technology  |c Koichi Hamada 
264 1 |a New Haven  |b Yale University Press  |c 1998 
300 |a S.193-243 
490 1 |a Center Paper  |v No. 538 
830 0 |a Center Paper  |v No. 538 
610 2 0 |a investície priame zahraničné 
610 2 0 |a transfer technológie 
610 2 0 |a USA 
610 2 0 |a Japonsko 
100 1 |a Hamada, Koichi